000 00457nam a2200169 4500
001 148445
003 ES-MaACL
005 20230906202633.0
007 t|
008 070214s1972 sp r ||||1| spa d
100 1 _aStein, Juan.
_9108033
245 1 0 _aIsótopos radioactivos /
_cJuan Stein.
250 _a1ª. ed.
260 _aMadrid :
_bAlhambra,
_c1972.
300 _aVIII, 231 p., 1 lám. :
_bil. ;
_c20 cm.
852 _aES-MaACL
_jC-52814
_bR.86071
999 _c148445
_d148445